La responsabilidad en las sociedades de la sección IV, Ley 19.550, y la extensión de la quiebra del artículo 160, Ley 24.522 (Registro nro. 12144)

Detalles MARC
000 -LEADER
fixed length control field 00429 a2200121 4500
001 - CONTROL NUMBER
control field ART_36757
005 - DATE AND TIME OF LATEST TRANSACTION
control field 20260410161627.0
008 - FIXED-LENGTH DATA ELEMENTS--GENERAL INFORMATION
fixed length control field 260409a
100 1# - MAIN ENTRY--PERSONAL NAME
Personal name Junyent Bas, Francisco
245 10 - TITLE STATEMENT
Title La responsabilidad en las sociedades de la sección IV, Ley 19.550, y la extensión de la quiebra del artículo 160, Ley 24.522
700 1# - ADDED ENTRY--PERSONAL NAME
Personal name Palazzo, Carlota
773 0# - HOST ITEM ENTRY
Title Enfoques
Related parts - Nº 3 (mar. 2016)
Record control number REV416

No hay ítems disponibles.